| 000 | 01235cab a2200217 4500 | ||
|---|---|---|---|
| 001 | ##L130970 | ||
| 008 | 050404n2003 000 0 eng u | ||
| 035 | _a(Sirsi) u130970 | ||
| 041 | 0 | _aeng | |
| 050 | 0 | 4 | _a630.142 |
| 110 | 2 |
_aRoyal Institution of Chartered Surveyors _bPolicy Unit _94169 |
|
| 245 |
_aRICS rural land market survey Great Britain _bsecond quarter 2003 _h[archived] |
||
| 260 |
_aLondon _bRICS _c2003 |
||
| 490 |
_aRICS Rural Land Market Survey Great Britain _vSecond Quarter 2003 |
||
| 520 | _aThe latest "RICS rural land market survey" for the second quarter 2003 reveals that 44% of buyers of rural property between April and June 2003 were 'non-farmers'. This reflects a growing trend of people buying farms to live in the house and offering the farmland to neighbouring farmers to manage. The survey also shows that the price of farmland over the 12 months to June averaged £7 484 per hectare, little change from the previous year | ||
| 650 | 2 | 4 | _aRICS RURAL LAND MARKET SURVEY GREAT BRITAIN |
| 651 | 4 | _aGREAT BRITAIN | |
| 690 | _aPROPERTY-RURAL AND NATURAL ASSETS | ||
| 856 |
_uhttps://www.rics.org/profession-standards/knowledge-and-information-services _zemail [email protected] |
||
| 942 |
_n0 _2ddc |
||
| 999 |
_c104606 _d104606 |
||